000 00329nam a2200133Ia 4500
005 20260328101520.0
008 260328s9999||||xx |||||||||||||| ||und||
100 _aWeyl, Hermann
245 0 _aLa Simetría /
_cHermann Weyl
260 _bNueva Visión
300 _a132 p.
650 _aDISEÑO INDUSTRIAL - ELEMENTOS
942 _cBK
999 _c9540
_d9540